[Event "Barcelona Sant Marti op 05th"]
[Site "Barcelona"]
[Date "2003.05.24"]
[Round "5.29"]
[White "Febrero Perez, Lluis"]
[Black "Zapata, Esau"]
[Result "1-0"]
[WhiteElo "1875"]
[BlackElo "1700"]
[PlyCount "21"]
[EventDate "2003.04.26"]
[EventType "swiss"]
[EventRounds "9"]
[EventCountry "ESP"]
[SourceTitle "EXT 2004"]
[Source "ChessBase"]
[SourceDate "2003.11.25"]
[SourceVersion "1"]
[SourceVersionDate "2003.11.25"]
[SourceQuality "1"]

1. e4 e5 2. Nf3 Nc6 3. d4 exd4 4. Nxd4 Nxd4 5. Qxd4 Qe7 6. Nc3 Qb4 7. Qe5+ Qe7 8. Qxc7 d6 9. Bb5+ Bd7 10. Qxb7 Rc8 11. Qxc8+ 1-0

[Event "Barcelona Sant Marti op 05th"]
[Site "Barcelona"]
[Date "2003.05.17"]
[Round "4.37"]
[White "Morales, I."]
[Black "Zapata, Esau"]
[Result "0-1"]
[WhiteElo "1785"]
[BlackElo "1700"]
[PlyCount "126"]
[EventDate "2003.04.26"]
[EventType "swiss"]
[EventRounds "9"]
[EventCountry "ESP"]
[SourceTitle "EXT 2004"]
[Source "ChessBase"]
[SourceDate "2003.11.25"]
[SourceVersion "1"]
[SourceVersionDate "2003.11.25"]
[SourceQuality "1"]

1. d4 d5 2. e3 Nc6 3. c4 dxc4 4. Bxc4 Nf6 5. Nc3 e5 6. Nf3 exd4 7. Nxd4 Nxd4 8. Qxd4 Qxd4 9. exd4 Bb4 10. 0-0 0-0 11. a3 Bxc3 12. bxc3 Ne4 13. Bb2 Nd2 14. Bd3 Nxf1 15. Kxf1 Re8 16. f3 Bd7 17. Be4 Bb5+ 18. Kf2 c6 19. a4 Bc4 20. g4 Re7 21. Ba3 Re6 22. h4 Rae8 23. Kg3 Bd5 24. Bxd5 cxd5 25. Bb4 Re1 26. Rxe1 Rxe1 27. a5 Rb1 28. Kf4 f6 29. h5 g5+ 30. hxg6 hxg6 31. Bc5 b6 32. axb6 axb6 33. Bb4 b5 34. g5 fxg5+ 35. Kxg5 Kf7 36. Kf4 Re1 37. Kg3 Kf6 38. Kf2 Re8 39. Bc5 Kf5 40. Bd6 g5 41. Bc5 g4 42. fxg4+ Kxg4 43. Bb4 Re4 44. Bf8 Kf5 45. Kf3 Ke6 46. Bb4 Kd7 47. Kf2 Kc6 48. Kf3 Kb6 49. Kf2 Re8 50. Kf3 Re4 51. Kf2 Kc6 52. Kf3 Kd7 53. Kf2 Ke6 54. Kf3 Kf5 55. Bf8 Rh4 56. Ke3 Rh3+ 57. Kd2 Ke4 58. Kc2 Rh8 59. Bc5 Rh2+ 60. Kb3 Kd3 61. Bb4 Rh1 62. Kb2 Kc4 63. Ka3 Rb1 0-1

[Event "Barcelona Sant Marti op 05th"]
[Site "Barcelona"]
[Date "2003.04.26"]
[Round "1.54"]
[White "Zapata, Esau"]
[Black "Atienza Roy, Jesus"]
[Result "0-1"]
[WhiteElo "1700"]
[BlackElo "2010"]
[PlyCount "76"]
[EventDate "2003.04.26"]
[EventType "swiss"]
[EventRounds "9"]
[EventCountry "ESP"]
[SourceTitle "EXT 2004"]
[Source "ChessBase"]
[SourceDate "2003.11.25"]
[SourceVersion "1"]
[SourceVersionDate "2003.11.25"]
[SourceQuality "1"]

1. e4 c5 2. Nf3 d6 3. d4 cxd4 4. Nxd4 Nf6 5. Nc3 a6 6. Bg5 e6 7. Bc4 Be7 8. 0-0 b5 9. Bb3 b4 10. Ba4+ Bd7 11. Bxd7+ Qxd7 12. Bxf6 Bxf6 13. Nce2 0-0 14. c3 Qb7 15. Ng3 Nd7 16. f3 bxc3 17. bxc3 Qb6 18. Kh1 Rac8 19. Nge2 Nc5 20. Rb1 Qc7 21. Qc2 Be5 22. f4 Bf6 23. f5 Qd7 24. Ng3 exf5 25. exf5 Na4 26. Nge2 Nxc3 27. Nxc3 Bxd4 28. Rb3 Qc7 29. Rf3 Rfe8 30. Qd2 Qa5 31. h3 Qe5 32. Rd3 Rc4 33. Ne2 Bc5 34. Rd5 Qa1+ 35. Kh2 h6 36. Nf4 Qg1+ 37. Kg3 Be3 38. Ne2 Qf2+ 0-1